LEADER 01488nam 2200397Ia 450 001 996397217503316 005 20221108042544.0 035 $a(CKB)4940000000063269 035 $a(EEBO)2240862831 035 $a(OCoLC)64551073 035 $a(EXLCZ)994940000000063269 100 $a20060306d1642 uy 0 101 0 $aeng 135 $aurbn||||a|bb| 200 10$aBy the King$b[electronic resource] $eA proclamation concerning the true payment of tonnage and poundage 210 $aImprinted at London $cBy Robert Barker, Printer to the Kings Most Excellent Majestie and by the Assignes of John Bill$d1642 215 $a1 sheet ([2] p.) 300 $aCaption title. 300 $aImprint from colophon. 300 $aRoyal arms at top of broadside. 300 $a"Given at our court at York the second day of may, in the eighteenth yeer of our reign." 300 $aReproduction of original in: Harvard University. Library. 330 $aeebo-0062 606 $aTariff$zEngland$vEarly works to 1800 607 $aGreat Britain$xHistory$yCharles I, 1625-1649$vSources 607 $aGreat Britain$xPolitics and government$y1642-1649$vSources 608 $aBroadsides$zEngland$y17th century.$2rbgenr 615 0$aTariff 701 $aCharles$cKing of England,$f1600-1649.$0793295 712 02$aEngland and Wales.$bParliament. 801 0$bUMI 801 1$bUMI 906 $aBOOK 912 $a996397217503316 996 $aBy the King$92297757 997 $aUNISA LEADER 03332nam 2200565 450 001 9910796789203321 005 20230814221554.0 010 $a90-04-35582-0 024 7 $a10.1163/9789004355828 035 $a(CKB)4100000001128320 035 $a(MiAaPQ)EBC5265051 035 $a(OCoLC)1008776042 035 $a(nllekb)BRILL9789004355828 035 $a(EXLCZ)994100000001128320 100 $a20180303h20182018 uy 0 101 0 $aeng 135 $aurcnu|||||||| 181 $2rdacontent 182 $2rdamedia 183 $2rdacarrier 200 10$aChildren, autonomy and the courts $ebeyond the right to be heard /$fby Aoife Daly 210 1$aLeiden, Netherlands ;$aBoston, [Massachusetts] :$cBrill Nijhoff,$d2018. 210 4$dİ2018 215 $a1 online resource (449 pages) 225 1 $aStockholm Studies in Child Law and Children's Rights,$x2405-8343 ;$vVolume 3 300 $aIncludes index. 311 $a90-04-35581-2 327 $aFront Matter -- -- Contents -- Foreword -- Preface -- Introduction: Children, Autonomy and the Courts: Beyond the Right to be Heard -- A Proposal: Replace the ?Right to be Heard? with a ?Children?s Autonomy Principle? -- The Children?s Autonomy Principle and the Best Interest of the Child -- Chapter 3: The ?Liberal Ideal?: Autonomy, Capacity and the Adult/Child Divide -- Chapter 4: Ensuring Good Processes for Children through Respect for Autonomy -- Chapter 5: ?Weighing? Views: The Right to be Heard Does Not Allow Children to Sufficiently Influence Outcomes -- Putting the Autonomy Principle into Practice: Moving from a Focus on ?Competence? to One on Significant Harm -- Chapter 7: Autonomy Support: Embedding the Children?s Autonomy Principle in Good Systems -- Conclusion. 330 $aIn this book Aoife Daly argues that where courts decide children?s best interests (for example about parental contact) the UN Convention on the Rights of the Child's \'right to be heard\' is insufficient, and autonomy should instead be the focus. Global law and practice indicate that children are regularly denied due process rights in their own best interest proceedings and find their wishes easily overridden. It is argued that a children?s autonomy principle, respecting children?s wishes unless significant harm would likely result, would ensure greater support for children in proceedings, and greater obligations on adults to engage in transparent decision-making. This book is a call for a reconceptualisation of the status of children in a key area of children?s rights. 410 0$aStockholm studies in child law and children's rights ;$vVolume 3. 606 $aChildren's rights 606 $aChildren (International law) 606 $aDue process of law 606 $aLocus standi 606 $aAutonomy in children 610 $aRight to participate in proceedings 615 0$aChildren's rights. 615 0$aChildren (International law) 615 0$aDue process of law. 615 0$aLocus standi. 615 0$aAutonomy in children. 676 $a342.08772 700 $aDaly$b Aoife$01487566 801 0$bMiAaPQ 801 1$bMiAaPQ 801 2$bMiAaPQ 906 $aBOOK 912 $a9910796789203321 996 $aChildren, autonomy and the courts$93836655 997 $aUNINA